| 000 | 014020000a22002050004500 | ||
|---|---|---|---|
| 020 | _a958-04-2928-0 | ||
| 041 | 0 | _aSPA | |
| 082 | 0 | 4 | _aG 179 V444n |
| 245 | 1 | 0 | _aLas mujeres en la historia de Colombia. Tomo II: Mujeres y sociedad / Magdala Velásquez Toro, Dirección académica, Consejería Presidencial Para la Política Social |
| 260 | _aBogotá, Colombia : Norma | ||
| 300 | _a537 Pag. | ||
| 440 | 0 | _aColección Vitral | |
| 505 | 0 | 0 | _alas mujeres indígenas: antagonismo y complementos -- las mujeres negras en la historia de Colombia -- las mujeres y el crimen en la época colonial -- control sexual y catolicismo -- las brujas y la inquisición -- la sociedad colombiana en el siglo XIX -- las mujeres y el matrimonio en la Nueva Granada -- familia y hogares en Colombia durante el siglo XIX y comienzos del XX -- mujeres y familia en el siglo XIX -- Colombia 1900-1930: la búsqueda de la modernización -- mujeres en guerra -- industria, proletario, mujeres y religión -- las niñas a principio de siglo -- la Colombia contemporánea, 1930-1990 -- mujeres y violencia, años 50 -- el proletariado femenino entre los años 50 y 70 -- mujeres y colonización |
| 650 | 1 | 4 | _aMUJERES - COLOMBIA - HISTORIA \ MUJERES - CONDICIONES SOCIALES |
| 001 | 1377 | ||
| 942 | _cBK | ||
| 999 |
_c32700 _d32700 |
||
| 336 |
_atexto _btxt _2rdacontent |
||
| 337 |
_2rdamedia _asin mediación _bn |
||
| 338 |
_2rdacarrier _avolumen _bnc |
||